[Event "Valencia Paterna Gp-B 2nd"]
[Site "Valencia"]
[Date "2021.10.18"]
[Round "3"]
[White "Pallardo Lozoya, Jose Vicente"]
[Black "Gimeno Higueras, Roberto"]
[Result "1-0"]
[WhiteElo "2357"]
[BlackElo "2166"]
[PlyCount "75"]
[EventDate "2021.10.18"]
[EventType "tourn (rapid)"]
[EventRounds "7"]
[EventCountry "ESP"]
[EventCategory "6"]
[SourceTitle "CBM 204 Extra"]
[Source "ChessBase"]
[SourceDate "2021.11.30"]
[SourceVersion "1"]
[SourceVersionDate "2021.11.30"]
[SourceQuality "1"]

1. e4 c6 2. d4 d5 3. e5 Bf5 4. Nf3 e6 5. Be2 Nd7 6. 0-0 h6 7. Nbd2 Ne7 8. Nb3 g5 9. a4 Ng6 10. Ne1 g4 11. Bxg4 Nh4 12. Bxf5 Nxf5 13. Qh5 Rg8 14. g3 Be7 15. Ng2 Bg5 16. f4 Be7 17. Ne3 Ng7 18. Qxh6 Qb6 19. a5 Qa6 20. f5 exf5 21. Nxf5 Nxf5 22. Rxf5 Qe2 23. Rf2 Qe1+ 24. Kg2 Qe4+ 25. Kf1 0-0-0 26. Qf4 Qh1+ 27. Ke2 Bg5 28. Qf5 Qe4+ 29. Qxe4 dxe4 30. Bxg5 Rxg5 31. Rxf7 Rh8 32. Rf2 c5 33. c3 cxd4 34. cxd4 Nf8 35. Rc1+ Kd8 36. Nc5 b6 37. Rxf8+ Rxf8 38. Ne6+ 1-0

[Event "Valencia Paterna Gp-B 2nd"]
[Site "Valencia"]
[Date "2021.10.18"]
[Round "1"]
[White "Pallardo Lozoya, Jose Vicente"]
[Black "Kovacevic, Slobodan"]
[Result "1-0"]
[WhiteElo "2357"]
[BlackElo "2221"]
[PlyCount "63"]
[EventDate "2021.10.18"]
[EventType "tourn (rapid)"]
[EventRounds "7"]
[EventCountry "ESP"]
[EventCategory "6"]
[SourceTitle "CBM 204 Extra"]
[Source "ChessBase"]
[SourceDate "2021.11.30"]
[SourceVersion "1"]
[SourceVersionDate "2021.11.30"]
[SourceQuality "1"]

1. e4 c5 2. Nc3 e6 3. g3 d6 4. Bg2 Nf6 5. d3 Nc6 6. Nh3 Rb8 7. 0-0 Be7 8. f4 0-0 9. g4 Qc7 10. g5 Nd7 11. f5 Re8 12. f6 Bf8 13. fxg7 Bxg7 14. Nf4 Nce5 15. Nh5 b5 16. Nxg7 Kxg7 17. Ne2 Rg8 18. Nf4 Kh8 19. Nh5 Qd8 20. c3 Qe7 21. d4 Ng6 22. Qe1 cxd4 23. cxd4 Bb7 24. Be3 a6 25. Rc1 Rbc8 26. Rxc8 Rxc8 27. Qf2 Rf8 28. h4 Kg8 29. Nf6+ Kg7 30. h5 Rh8 31. Nxd7 Qxd7 32. Qf6+ 1-0

[Event "La Nucia Blitz op"]
[Site "La Nucia"]
[Date "2020.10.31"]
[Round "4"]
[White "Tejedor Fuente, Enrique"]
[Black "Pallardo Lozoya, Jose Vicente"]
[Result "1-0"]
[WhiteElo "2521"]
[BlackElo "2358"]
[PlyCount "69"]
[EventDate "2020.10.31"]
[EventType "swiss (blitz)"]
[EventRounds "8"]
[EventCountry "ESP"]
[SourceTitle "EXT 2023"]
[Source "ChessBase"]
[SourceDate "2022.10.05"]
[SourceVersion "1"]
[SourceVersionDate "2022.10.05"]
[SourceQuality "1"]

1. e4 e6 2. d4 d5 3. Nd2 c5 4. exd5 Qxd5 5. Ngf3 cxd4 6. Bc4 Qd7 7. 0-0 a6 8. Qe2 Nc6 9. Nb3 Nf6 10. Rd1 Bd6 11. Nbxd4 Nxd4 12. Rxd4 Qc7 13. Bg5 Bc5 14. Rh4 b5 15. Bb3 Bb7 16. a4 b4 17. Re1 Qc6 18. Rc4 Nd7 19. Qf1 Qb6 20. Nd2 h6 21. Bh4 a5 22. Rg4 g5 23. Bg3 h5 24. Rxg5 h4 25. Bf4 h3 26. Ne4 Be7 27. Rb5 Qc6 28. Bd5 Qxd5 29. Rxd5 Bxd5 30. Qb5 Rc8 31. c3 bxc3 32. bxc3 hxg2 33. Nd6+ Bxd6 34. Bxd6 Rxc3 35. Qxd5 1-0

[Event "Valencia Bressol"]
[Site "Alfafar"]
[Date "2020.07.29"]
[Round "9"]
[White "Pallardo Lozoya, Jose Vicente"]
[Black "Strikovic, Aleksa"]
[Result "1/2-1/2"]
[WhiteElo "2373"]
[BlackElo "2466"]
[PlyCount "95"]
[EventDate "2020.07.21"]
[EventType "tourn"]
[EventRounds "9"]
[EventCountry "ESP"]
[EventCategory "8"]
[SourceTitle "CBM 197 Extra"]
[Source "ChessBase"]
[SourceDate "2020.09.30"]
[SourceVersion "1"]
[SourceVersionDate "2020.09.30"]
[SourceQuality "1"]

1. e4 d6 2. d4 Nf6 3. Nc3 e5 4. h3 Nbd7 5. Nf3 Be7 6. g3 0-0 7. Bg2 c6 8. 0-0 b5 9. Re1 Bb7 10. b3 Re8 11. Bb2 Bf8 12. Nb1 g6 13. Nbd2 a6 14. c4 exd4 15. Nxd4 c5 16. N4f3 Qc7 17. Qc2 Bg7 18. Nh2 Ne5 19. Nhf1 Nc6 20. cxb5 axb5 21. Ne3 Qd7 22. a3 Nd4 23. Qd3 d5 24. e5 Ne4 25. Bxd4 cxd4 26. Nc2 Rxe5 27. Nf3 Ree8 28. Ncxd4 Nd6 29. Rec1 Re4 30. Ra2 b4 31. a4 Ba6 32. Qd2 Qb7 33. Rac2 Ree8 34. Rc7 Qb8 35. Qf4 Qd8 36. R7c6 Ne4 37. Kh2 Nc3 38. Ng5 Re7 39. R6xc3 bxc3 40. Nc6 Qc7 41. Nxe7+ Qxe7 42. Bxd5 Rf8 43. Nxf7 h5 44. Ng5+ Kh8 45. Nf7+ Kh7 46. Ng5+ Kh8 47. Nf7+ Kh7 48. Ng5+ 1/2-1/2

[Event "Valencia Bressol"]
[Site "Alfafar"]
[Date "2020.07.24"]
[Round "4"]
[White "Pallardo Lozoya, Jose Vicente"]
[Black "Granero Roca, Antonio"]
[Result "0-1"]
[WhiteElo "2373"]
[BlackElo "2358"]
[PlyCount "120"]
[EventDate "2020.07.21"]
[EventType "tourn"]
[EventRounds "9"]
[EventCountry "ESP"]
[EventCategory "8"]
[SourceTitle "CBM 197 Extra"]
[Source "ChessBase"]
[SourceDate "2020.09.30"]
[SourceVersion "1"]
[SourceVersionDate "2020.09.30"]
[SourceQuality "1"]

1. e4 c6 2. d4 d5 3. e5 c5 4. dxc5 Nc6 5. a3 e6 6. Nf3 Bxc5 7. b4 Bf8 8. Bb2 Nge7 9. c4 dxc4 10. Qxd8+ Nxd8 11. Bxc4 Bd7 12. Nc3 Rc8 13. Bd3 Ng6 14. g3 Bc6 15. Ne4 Be7 16. 0-0 0-0 17. Rac1 a6 18. h4 h5 19. Be2 Ra8 20. Nfd2 Kh7 21. Bxh5 a5 22. bxa5 Rxa5 23. Nc4 Ra4 24. Bd1 Ra6 25. Bc2 Kg8 26. h5 Nh8 27. Rfd1 f5 28. exf6 gxf6 29. Nxf6+ Rxf6 30. Bxf6 Bxf6 31. Ne5 Bxe5 32. Rxd8+ Kg7 33. Re1 Nf7 34. h6+ Nxh6 35. Rxe5 Nf7 36. Rxe6 Nxd8 37. Re3 Ra5 38. Rc3 Ne6 39. f3 Nd4 40. Bd1 Nb5 41. Rd3 Nxa3 42. f4 Nb5 43. Bb3 Ra3 44. Kf2 Nd6 45. Ke3 Bb5 46. Rxd6 Rxb3+ 47. Ke4 Rxg3 48. Kf5 Bc6 49. Ke5 Ra3 50. Kf5 Ra5+ 51. Ke6 Rh5 52. Rd1 Rh6+ 53. Ke7 Rh1 54. Rxh1 Bxh1 55. f5 Bd5 56. f6+ Kg8 57. Kd6 Bf7 58. Kc5 Kf8 59. Kb6 Bd5 60. Kc5 Bc6 0-1

[Event "Valencia-ch A"]
[Site "Denia"]
[Date "2019.05.11"]
[Round "6.4"]
[White "Mingarro Carceller, Sergi"]
[Black "Pallardo Lozoya, Jose Vicente"]
[Result "1/2-1/2"]
[WhiteElo "2325"]
[BlackElo "2368"]
[PlyCount "94"]
[EventDate "2019.05.04"]
[EventType "tourn"]
[EventRounds "7"]
[EventCountry "ESP"]
[SourceTitle "EXT 2024"]
[Source "ChessBase"]
[SourceDate "2023.10.10"]
[SourceVersion "1"]
[SourceVersionDate "2023.10.10"]
[SourceQuality "1"]

1. e4 c6 2. d4 d5 3. e5 g6 4. c4 Bg7 5. Nc3 dxc4 6. Bxc4 Nh6 7. Bf4 Nd7 8. Qd2 Nb6 9. Bb3 Nf5 10. Nf3 h5 11. Rd1 h4 12. h3 Nd5 13. Nxd5 cxd5 14. 0-0 e6 15. Bg5 Qb6 16. Bc2 Bd7 17. Bxf5 gxf5 18. Rc1 Bb5 19. Rfe1 Bf8 20. Bxh4 Bc6 21. Rc2 Bb4 22. Qg5 Kd7 23. Rec1 Rhg8 24. Qe3 Rg6 25. Bg5 Rh8 26. h4 Bf8 27. g3 a6 28. Ne1 Kc7 29. Nd3 Kb8 30. Rc3 Ka7 31. R1c2 Rgg8 32. Qc1 Rxg5 33. Qxg5 Qxd4 34. Rxc6 Qxd3 35. Rc8 Bh6 36. Qe7 Rxc8 37. Rxc8 Be3 38. Qa3 Qb1+ 39. Kg2 Qe4+ 40. Kf1 Qb1+ 41. Ke2 Bb6 42. Qc3 Qe4+ 43. Kf1 Qh1+ 44. Ke2 Qe4+ 45. Kf1 Qh1+ 46. Ke2 Qe4+ 47. Kf1 Qh1+ 1/2-1/2

[Event "Valencia-ch A"]
[Site "Denia"]
[Date "2019.05.04"]
[Round "2.2"]
[White "Cruz Lledo, Pablo"]
[Black "Pallardo Lozoya, Jose Vicente"]
[Result "1-0"]
[WhiteElo "2440"]
[BlackElo "2368"]
[PlyCount "127"]
[EventDate "2019.05.04"]
[EventType "tourn"]
[EventRounds "7"]
[EventCountry "ESP"]
[SourceTitle "EXT 2024"]
[Source "ChessBase"]
[SourceDate "2023.10.10"]
[SourceVersion "1"]
[SourceVersionDate "2023.10.10"]
[SourceQuality "1"]

1. d4 d5 2. g3 Nf6 3. Bg2 c6 4. Nf3 Bg4 5. 0-0 Nbd7 6. b3 e6 7. Bb2 Qa5 8. c4 Rd8 9. c5 Be7 10. Bc3 Qc7 11. Nbd2 0-0 12. b4 h6 13. Qc2 Bf5 14. Qb2 Ne4 15. Nxe4 Bxe4 16. a4 Bf6 17. Rfe1 Rfe8 18. Bh3 b6 19. cxb6 Qxb6 20. Nd2 Bg6 21. Nb3 Rb8 22. Qd2 Rb7 23. e3 Be7 24. a5 Qc7 25. f3 Reb8 26. Ra4 Qc8 27. Bf1 Qf8 28. Nc5 Nxc5 29. dxc5 Bf6 30. a6 Bxc3 31. Qxc3 Rd7 32. Ra2 Qd8 33. Rb2 Rc7 34. Rc1 f6 35. b5 cxb5 36. Rxb5 Be8 37. Rxb8 Qxb8 38. Bd3 Qc8 39. Qb4 Bd7 40. Qd4 Bc6 41. Qb4 Bd7 42. Kf2 Kf7 43. h4 Bc6 44. g4 Bd7 45. f4 Bc6 46. g5 hxg5 47. hxg5 Qh8 48. Kg3 Rc8 49. g6+ Ke7 50. Rb1 f5 51. Qd4 Qh6 52. Bxf5 Rh8 53. Kf3 Qh5+ 54. Bg4 Qxg6 55. f5 Rf8 56. Qe5 Rxf5+ 57. Bxf5 Qh5+ 58. Kf2 Qh4+ 59. Qg3 Qf6 60. Qc7+ Kf8 61. Rb8+ Be8 62. Qd6+ Kf7 63. Rb7+ Kg8 64. Qxe6+ 1-0

[Event "Valencia-ch A"]
[Site "Denia"]
[Date "2019.05.04"]
[Round "1"]
[White "Pallardo Lozoya, Jose Vicente"]
[Black "Lloret Climent, Miguel"]
[Result "1-0"]
[WhiteElo "2368"]
[BlackElo "2045"]
[PlyCount "120"]
[EventDate "2019.05.04"]
[EventType "tourn"]
[EventRounds "7"]
[EventCountry "ESP"]
[SourceTitle "EXT 2024"]
[Source "ChessBase"]
[SourceDate "2023.10.10"]
[SourceVersion "1"]
[SourceVersionDate "2023.10.10"]
[SourceQuality "1"]

1. e4 d6 2. d4 Nd7 3. Nf3 e5 4. Bc4 c6 5. 0-0 Be7 6. Re1 Ngf6 7. Bf1 0-0 8. Nbd2 Qc7 9. b3 Re8 10. Bb2 Bf8 11. c4 a5 12. Qc2 b6 13. Rad1 Bb7 14. g3 Rad8 15. Bg2 g6 16. h3 Bg7 17. Nb1 exd4 18. Nxd4 Nc5 19. Nc3 Ne6 20. Nxe6 Rxe6 21. Ne2 Ree8 22. Ba3 Bf8 23. Nf4 Nd7 24. Qc3 Ne5 25. Kh1 Bg7 26. Bb2 f6 27. Re2 Ba6 28. Qc2 Qe7 29. Bc3 a4 30. Bb4 Bh6 31. Red2 axb3 32. axb3 Nf7 33. Qb2 Bb7 34. Bc3 Bg7 35. Re2 Ra8 36. Red2 Rad8 37. Kg1 Ne5 38. Ne2 Nf7 39. Nf4 Ne5 40. Qa3 Bf8 41. Bb4 Nf7 42. Bc3 Ne5 43. Bd4 Ra8 44. Qb2 c5 45. Bc3 Red8 46. Re2 Bg7 47. Red2 Bh6 48. Nd5 Bxd5 49. Rxd5 Bg7 50. f4 Nf7 51. b4 Ra4 52. g4 Bh8 53. R5d2 h6 54. e5 fxe5 55. Qc2 Ra3 56. Bb2 Re3 57. Qxg6+ Bg7 58. bxc5 bxc5 59. Rf1 Nh8 60. Bd5+ Nf7 1-0

[Event "ESP-ch rapid"]
[Site "Linares"]
[Date "2018.08.19"]
[Round "9"]
[White "Jimenez Martinez, Jose Vicente"]
[Black "Pallardo Lozoya, Jose Vicente"]
[Result "1-0"]
[WhiteElo "2243"]
[BlackElo "2382"]
[PlyCount "64"]
[EventDate "2018.08.19"]
[EventType "swiss (rapid)"]
[EventRounds "9"]
[EventCountry "ESP"]
[SourceTitle "CBM 186 Extra"]
[Source "ChessBase"]
[SourceDate "2018.08.24"]
[SourceVersion "1"]
[SourceVersionDate "2018.08.24"]
[SourceQuality "1"]

1. d4 d6 2. c4 e5 3. Nf3 e4 4. Ng5 f5 5. g3 Be7 6. Nh3 Nf6 7. Bg2 c6 8. 0-0 d5 9. cxd5 cxd5 10. Nc3 Be6 11. Bf4 Nc6 12. Be5 Qd7 13. f3 Rd8 14. e3 exf3 15. Bxf3 Nxe5 16. dxe5 Ne4 17. Ne2 Qc7 18. Qa4+ Bd7 19. Qd4 Bc6 20. Nhf4 Qc8 21. Rac1 0-0 22. Rfd1 g5 23. Nh5 Qe6 24. Bxe4 dxe4 25. Qc3 Rxd1+ 26. Rxd1 Qg6 27. Nf6+ Bxf6 28. Rd6 Qh5 29. Qc4+ Kh8 30. Rxf6 Rd8 31. Rd6 Re8 32. e6 Qf3 1-0

[Event "ESP-chT CECLUB Div2"]
[Site "Linares"]
[Date "2018.08.17"]
[Round "5.1"]
[White "Represa Perez, Mireya"]
[Black "Pallardo Lozoya, Jose Vicente"]
[Result "0-1"]
[WhiteElo "2078"]
[BlackElo "2382"]
[PlyCount "74"]
[EventDate "2018.08.14"]
[EventType "team-swiss"]
[EventRounds "7"]
[EventCountry "ESP"]
[SourceTitle "CBM 186 Extra"]
[Source "ChessBase"]
[SourceDate "2018.08.24"]
[SourceVersion "1"]
[SourceVersionDate "2018.08.24"]
[SourceQuality "1"]
[WhiteTeam "CajaGranada"]
[BlackTeam "Paterna Laboratorio SyS"]
[WhiteTeamCountry "ESP"]
[BlackTeamCountry "ESP"]

1. e4 d6 2. d4 Nf6 3. Nc3 e5 4. Nf3 Nbd7 5. Bc4 Be7 6. 0-0 0-0 7. Re1 c6 8. a4 Qc7 9. Ba2 a5 10. h3 exd4 11. Nxd4 Re8 12. Nf5 Bf8 13. Bg5 h6 14. Bh4 g6 15. Nd4 Bg7 16. Ndb5 cxb5 17. Nxb5 Qc5 18. Qxd6 Qh5 19. Bxf6 Nxf6 20. Nc7 Bxh3 21. Nxa8 Re5 22. gxh3 Rg5+ 23. Kf1 Qxh3+ 24. Ke2 Nxe4 25. Qf4 Rf5 26. Qe3 Rxf2+ 27. Kd1 Bxb2 28. Bxf7+ Kg7 29. Qxe4 Rxf7 30. Rh1 Qc3 31. Ke2 Bxa1 32. Rg1 Qf6 33. Qg2 Re7+ 34. Kd1 Rd7+ 35. Ke2 Qe5+ 36. Kf3 Rf7+ 37. Kg4 Qh5+ 0-1

[Event "Valencia-ch"]
[Site "Valencia"]
[Date "2018.04.22"]
[Round "7"]
[White "Marquez Ortiz de Zarate, Alberto"]
[Black "Pallardo Lozoya, Jose Vicente"]
[Result "1-0"]
[WhiteElo "2262"]
[BlackElo "2397"]
[PlyCount "95"]
[EventDate "2018.04.07"]
[EventType "tourn"]
[EventRounds "7"]
[EventCountry "ESP"]
[EventCategory "4"]
[SourceTitle "CBM 184 Extra"]
[Source "ChessBase"]
[SourceDate "2018.06.28"]
[SourceVersion "1"]
[SourceVersionDate "2018.06.28"]
[SourceQuality "1"]

1. e4 e6 2. d4 d5 3. Nd2 Nf6 4. e5 Nfd7 5. c3 c5 6. Bd3 Nc6 7. Ne2 Be7 8. 0-0 a6 9. Kh1 b5 10. f4 g6 11. Nf3 cxd4 12. cxd4 Qb6 13. Rg1 Bb7 14. Bd2 Na5 15. b3 b4 16. g4 Nc6 17. Rg3 0-0-0 18. f5 f6 19. fxe6 Nf8 20. exf6 Bxf6 21. Bg5 Bxg5 22. Nxg5 Re8 23. Nf7 Nxe6 24. Nxh8 Rxh8 25. Rc1 Kb8 26. Qg1 Ka7 27. Rf3 Re8 28. Re3 Ncxd4 29. Nxd4 Qxd4 30. Re5 Qb6 31. Qxb6+ Kxb6 32. Kg1 Bc6 33. Rce1 Nc7 34. Rxe8 Bxe8 35. g5 Bb5 36. Bxb5 Nxb5 37. Re7 Nc3 38. Rxh7 d4 39. Kf2 Ne4+ 40. Ke2 Nxg5 41. Rg7 Ne4 42. Rxg6+ Kb5 43. h4 Nc3+ 44. Kd2 Nxa2 45. h5 Nc3 46. h6 Ne4+ 47. Kc2 Nc5 48. Rg5 1-0

[Event "Valencia-ch"]
[Site "Valencia"]
[Date "2018.04.21"]
[Round "5"]
[White "Cruz Lledo, Pablo"]
[Black "Pallardo Lozoya, Jose Vicente"]
[Result "1-0"]
[WhiteElo "2423"]
[BlackElo "2397"]
[PlyCount "101"]
[EventDate "2018.04.07"]
[EventType "tourn"]
[EventRounds "7"]
[EventCountry "ESP"]
[EventCategory "4"]
[SourceTitle "CBM 184 Extra"]
[Source "ChessBase"]
[SourceDate "2018.06.28"]
[SourceVersion "1"]
[SourceVersionDate "2018.06.28"]
[SourceQuality "1"]

1. d4 d6 2. Nf3 Bg4 3. e3 Nd7 4. h3 Bh5 5. Be2 Ngf6 6. c4 c6 7. Nc3 e5 8. 0-0 a6 9. b4 e4 10. Nd2 Bxe2 11. Qxe2 d5 12. c5 Be7 13. Nb3 0-0 14. Bd2 Ne8 15. a4 f5 16. b5 axb5 17. axb5 g5 18. Rxa8 Qxa8 19. Ra1 Qb8 20. Na5 Qc7 21. bxc6 bxc6 22. Qa6 Nb8 23. Qa8 Nf6 24. Ne2 Rc8 25. Rb1 Nbd7 26. Qa6 Rb8 27. Rd1 Rc8 28. Ng3 f4 29. exf4 g4 30. h4 Nb8 31. Qb7 Qxb7 32. Nxb7 Na6 33. Nf5 Kf8 34. Na5 Bd8 35. Nd6 Rc7 36. Rb1 Nd7 37. Nab7 Be7 38. f5 Bxd6 39. Bh6+ Kg8 40. Nxd6 Ra7 41. Kh2 Nc7 42. f6 Ne6 43. f7+ Kh8 44. Kg3 Nef8 45. h5 Ne6 46. Kxg4 Nef8 47. Bxf8 Nxf8 48. Rb8 Kg7 49. h6+ Kxh6 50. Rxf8 e3 51. Rg8 1-0

[Event "Valencia-ch"]
[Site "Valencia"]
[Date "2018.04.08"]
[Round "4"]
[White "Pallardo Lozoya, Jose Vicente"]
[Black "Granero Roca, Antonio"]
[Result "1/2-1/2"]
[WhiteElo "2397"]
[BlackElo "2389"]
[PlyCount "132"]
[EventDate "2018.04.07"]
[EventType "tourn"]
[EventRounds "7"]
[EventCountry "ESP"]
[EventCategory "4"]
[SourceTitle "CBM 184 Extra"]
[Source "ChessBase"]
[SourceDate "2018.06.28"]
[SourceVersion "1"]
[SourceVersionDate "2018.06.28"]
[SourceQuality "1"]

1. e4 c6 2. d4 d5 3. Nc3 dxe4 4. Nxe4 Bf5 5. Ng3 Bg6 6. Nh3 e6 7. c3 Bd6 8. Nf4 Qc7 9. Nfh5 Kf8 10. Qf3 Nd7 11. Ne4 Bxe4 12. Qxe4 Ngf6 13. Nxf6 Nxf6 14. Qf3 Qa5 15. Be2 Qd5 16. 0-0 Qxf3 17. Bxf3 Ke7 18. g3 Rhd8 19. Kg2 Rac8 20. Rd1 h6 21. b3 Kf8 22. c4 Rd7 23. Be3 Be7 24. Kf1 a6 25. Rac1 Rcd8 26. Ke2 Ba3 27. Rb1 Bb4 28. Rdc1 Re8 29. Rc2 Red8 30. a3 Ba5 31. b4 Bb6 32. c5 Bc7 33. a4 Nd5 34. Rb3 Re7 35. b5 axb5 36. axb5 e5 37. dxe5 Bxe5 38. bxc6 bxc6 39. Kf1 Bf6 40. Bd2 Red7 41. Kg2 Be7 42. Ra3 Bg5 43. Be1 Re8 44. Kf1 Rde7 45. Be2 Rb7 46. Ra1 Bf6 47. Rd1 Rb2 48. Rxb2 Bxb2 49. Bf3 Ba3 50. Bxd5 cxd5 51. Rxd5 Rc8 52. f4 Ke7 53. Bf2 Ke6 54. Re5+ Kd7 55. f5 Kc6 56. Ke2 Rb8 57. Kf3 Rb3+ 58. Re3 Rxe3+ 59. Bxe3 Bxc5 60. f6 g6 61. Bxh6 Kd5 62. Bg5 Bd4 63. g4 Ke6 64. h4 Bxf6 65. Kf4 Be5+ 66. Ke4 f5+ 1/2-1/2

[Event "Manises 5th"]
[Site "Manises"]
[Date "2018.01.02"]
[Round "1"]
[White "Insa Alfonso, Pablo"]
[Black "Pallardo Lozoya, Jose Vicente"]
[Result "0-1"]
[WhiteElo "2245"]
[BlackElo "2390"]
[PlyCount "50"]
[EventDate "2018.01.02"]
[EventType "tourn"]
[EventRounds "9"]
[EventCountry "ESP"]
[SourceTitle "EXT 2024"]
[Source "ChessBase"]
[SourceDate "2023.10.10"]
[SourceVersion "1"]
[SourceVersionDate "2023.10.10"]
[SourceQuality "1"]

1. e4 c6 2. Nc3 d5 3. Nf3 Nf6 4. e5 Ne4 5. d4 c5 6. Bb5+ Nc6 7. 0-0 e6 8. Nxe4 dxe4 9. Ng5 cxd4 10. Qh5 g6 11. Qg4 Bg7 12. Nxe4 Bxe5 13. Bg5 f5 14. Qh4 Qc7 15. Nf6+ Kf7 16. f4 Bd6 17. Rae1 h6 18. g4 Bd7 19. Nxd7 hxg5 20. Qg3 gxf4 21. Qb3 Rae8 22. gxf5 gxf5 23. Bd3 Qxd7 24. Bxf5 Kf6 25. Be4 e5 0-1